000
00189nam a22000857a 4500
999
_c
12443
_d
12443
082
_a
005.72
100
_a
J. Crang Cleaveland
245
_a
Program Generations with XML and JAVA
942
_c
BK